[Event "Katowice Silesia 100th Ann op"]
[Site "Katowice"]
[Date "2024.04.27"]
[Round "2"]
[White "Kolodziej, Szymon"]
[Black "Wieczorek, Oskar"]
[Result "0-1"]
[WhiteElo "1956"]
[BlackElo "2491"]
[PlyCount "73"]
[EventDate "2024.04.27"]
[EventType "swiss (rapid)"]
[EventRounds "11"]
[EventCountry "POL"]
[SourceTitle "CB19_2024"]
[SourceDate "2024.05.08"]
[SourceVersion "1"]
[SourceVersionDate "2024.05.08"]
[SourceQuality "1"]

1. e4 c5 2. d4 cxd4 3. Qxd4 Nc6 4. Qe3 g6 5. c4 Bg7 6. Nf3 Nf6 7. h3 0-0 8. Be2 d6 9. 0-0 Nd7 10. Nc3 Nde5 11. Nxe5 Bxe5 12. Kh1 Nd4 13. Bd3 Bg7 14. Rb1 a6 15. b3 b5 16. Bb2 Rb8 17. Nd5 e5 18. Bxd4 exd4 19. Qe2 Bd7 20. cxb5 axb5 21. Rfc1 Re8 22. Nc7 Re5 23. f4 Rh5 24. Qf3 Rc5 25. Nd5 Rbc8 26. Qf1 Be6 27. b4 Rxc1 28. Rxc1 Rxc1 29. Qxc1 f5 30. Qc6 fxe4 31. Bxe4 Bf7 32. Qxb5 Qh4 33. Qe2 Qg3 34. Bf3 Bh6 35. b5 Kg7 36. Qd1 Qf2 37. Qe2 0-1

[Event "Katowice Silesia 100th Ann op"]
[Site "Katowice"]
[Date "2024.04.27"]
[Round "5"]
[White "Wieczorek, Oskar"]
[Black "Licznerski, Lukasz"]
[Result "0-1"]
[WhiteElo "2491"]
[BlackElo "2419"]
[PlyCount "118"]
[EventDate "2024.04.27"]
[EventType "swiss (rapid)"]
[EventRounds "11"]
[EventCountry "POL"]
[SourceTitle "CB19_2024"]
[SourceDate "2024.05.08"]
[SourceVersion "1"]
[SourceVersionDate "2024.05.08"]
[SourceQuality "1"]

1. e4 c5 2. Nf3 Nc6 3. b4 cxb4 4. d4 d5 5. exd5 Qxd5 6. c4 Qd6 7. d5 Ne5 8. Nbd2 Nxf3+ 9. Nxf3 Nf6 10. Bb2 g6 11. a3 Bg7 12. Qa4+ Bd7 13. Qxb4 0-0 14. Bd3 Bg4 15. Ne5 Nxd5 16. Qxd6 exd6 17. cxd5 Bxe5 18. Bxe5 Rfe8 19. f3 Rxe5+ 20. Kf2 Bf5 21. Bc4 Rc8 22. Rhc1 Rc5 23. a4 b6 24. g4 Bd7 25. Bb3 Re8 26. a5 Rec8 27. axb6 Rxc1 28. Rxc1 Rxc1 29. b7 Rc8 30. bxc8Q+ Bxc8 31. g5 Bd7 32. Ke3 Kf8 33. Kd4 Ke7 34. Kc3 a5 35. h4 Kd8 36. f4 Kc7 37. Bc2 Kb6 38. Kc4 Bb5+ 39. Kd4 Bd7 40. Kc4 Ka6 41. Bb1 Bb5+ 42. Kd4 a4 43. f5 Ka5 44. Kc3 Bd7 45. fxg6 hxg6 46. Kc4 Bb5+ 47. Kc3 Be2 48. Be4 Kb5 49. Bc2 Bc4 50. Bxa4+ Kxa4 51. Kxc4 Ka5 52. Kd4 Kb4 53. Kd3 Kc5 54. Ke4 Kc4 55. h5 gxh5 56. Kf5 h4 57. Kf6 h3 58. Kxf7 h2 59. g6 h1Q 0-1

[Event "Katowice Silesia 100th Ann op"]
[Site "Katowice"]
[Date "2024.04.27"]
[Round "3"]
[White "Wieczorek, Oskar"]
[Black "Szmyd, Arkadiusz"]
[Result "1-0"]
[WhiteElo "2491"]
[BlackElo "2098"]
[PlyCount "71"]
[EventDate "2024.04.27"]
[EventType "swiss (rapid)"]
[EventRounds "11"]
[EventCountry "POL"]
[SourceTitle "CB19_2024"]
[SourceDate "2024.05.08"]
[SourceVersion "1"]
[SourceVersionDate "2024.05.08"]
[SourceQuality "1"]

1. e4 e6 2. d4 d5 3. Nd2 Nf6 4. e5 Nfd7 5. c3 c5 6. f4 Nc6 7. Ndf3 Be7 8. Bd3 cxd4 9. cxd4 0-0 10. Ne2 a5 11. 0-0 f5 12. Nc3 Kh8 13. Kh1 b6 14. a3 Ba6 15. Nb5 Na7 16. a4 Nc6 17. Bd2 Nb4 18. Bxb4 axb4 19. Qd2 Rc8 20. Rg1 Nb8 21. g4 g6 22. gxf5 gxf5 23. Ng5 Bxg5 24. Rxg5 Rg8 25. Rxg8+ Qxg8 26. Rg1 Qf8 27. Nd6 Bxd3 28. Qxd3 Rc7 29. Qb5 Nd7 30. Qxb4 Rc2 31. Qb3 Rf2 32. Qg3 Rxb2 33. Qh4 Rb4 34. Qd8 h6 35. Qxd7 Rxd4 36. Nf7+ 1-0

[Event "POL-chT Ekstraliga"]
[Site "Lublin"]
[Date "2023.09.26"]
[Round "9.2"]
[White "Svane, Rasmus"]
[Black "Wieczorek, Oskar"]
[Result "1-0"]
[WhiteElo "2641"]
[BlackElo "2494"]
[PlyCount "103"]
[EventDate "2023.09.18"]
[EventType "team-tourn"]
[EventRounds "9"]
[EventCountry "POL"]
[SourceTitle "EXT 2024"]
[Source "ChessBase"]
[SourceDate "2023.10.10"]
[SourceVersion "1"]
[SourceVersionDate "2023.10.10"]
[SourceQuality "1"]
[WhiteTeam "Plock Hetman"]
[BlackTeam "Wroclaw Polonia"]
[WhiteTeamCountry "POL"]
[BlackTeamCountry "POL"]

1. d4 Nf6 2. c4 g6 3. Nc3 d5 4. cxd5 Nxd5 5. e4 Nxc3 6. bxc3 Bg7 7. Be3 c5 8. Nf3 Qa5 9. Qd2 Nc6 10. Rb1 a6 11. Rc1 cxd4 12. cxd4 Qxd2+ 13. Kxd2 f5 14. e5 0-0 15. Bc4+ e6 16. Ke2 Bd7 17. Rhd1 Na5 18. Bd3 Rfc8 19. h3 b5 20. g4 Rxc1 21. Rxc1 Rc8 22. Rg1 Bc6 23. h4 Nc4 24. gxf5 gxf5 25. Bxc4 bxc4 26. h5 Bxf3+ 27. Kxf3 Kf7 28. Rb1 c3 29. Ke2 Rc7 30. Rb6 c2 31. Bc1 a5 32. Ra6 Rd7 33. Ke3 Rd5 34. Ra7+ Kg8 35. Rc7 Bh6+ 36. f4 Bf8 37. Rxc2 Rd7 38. Bd2 a4 39. Rc4 a3 40. Bb4 Bxb4 41. Rxb4 Kg7 42. Rb6 Re7 43. Ra6 Kh6 44. d5 Kxh5 45. Rxe6 Rb7 46. Re8 Rb4 47. d6 Re4+ 48. Kf3 Rd4 49. Ra8 Rd3+ 50. Ke2 Rd4 51. Ke3 Re4+ 52. Kf3 1-0

[Event "Titled Tuesday intern op 19th Sep Late"]
[Site "Chess.com INT"]
[Date "2023.09.19"]
[Round "8"]
[White "Przybylski, Wojciech"]
[Black "Wieczorek, Oskar"]
[Result "0-1"]
[WhiteElo "2308"]
[BlackElo "2494"]
[PlyCount "74"]
[EventDate "2023.09.19"]
[EventType "swiss (blitz)"]
[EventRounds "11"]
[EventCountry "USA"]
[SourceTitle "EXT 2024"]
[Source "ChessBase"]
[SourceDate "2023.10.10"]
[SourceVersion "1"]
[SourceVersionDate "2023.10.10"]
[SourceQuality "1"]

1. d4 Nf6 2. c4 c5 3. d5 g6 4. Nc3 Bg7 5. g3 d6 6. Bg2 0-0 7. Nf3 e5 8. 0-0 Kh8 9. Ne1 Ng8 10. e4 f5 11. Nd3 Nf6 12. b4 cxb4 13. Nxb4 fxe4 14. Nxe4 Nxe4 15. Bxe4 Bf5 16. Qe2 Nd7 17. Nd3 Rc8 18. Rb1 b6 19. Nb4 Bxe4 20. Qxe4 Nc5 21. Qe2 e4 22. Nc6 Qd7 23. Bb2 Rce8 24. Nd4 Kg8 25. Ba1 Re5 26. Ne6 Nxe6 27. Bxe5 Ng5 28. Bxg7 Nf3+ 29. Kg2 Qg4 30. Qe3 Rf5 31. h3 Rh5 32. Rh1 Nh4+ 33. Kf1 Qf3 34. Qxf3 Nxf3 35. Bc3 Rf5 36. g4 Rf4 37. Kg2 h5 0-1

[Event "Titled Tuesday intern op 19th Sep Late"]
[Site "Chess.com INT"]
[Date "2023.09.19"]
[Round "4"]
[White "Wieczorek, Oskar"]
[Black "Sanal, Vahap"]
[Result "0-1"]
[WhiteElo "2494"]
[BlackElo "2603"]
[PlyCount "78"]
[EventDate "2023.09.19"]
[EventType "swiss (blitz)"]
[EventRounds "11"]
[EventCountry "USA"]
[SourceTitle "EXT 2024"]
[Source "ChessBase"]
[SourceDate "2023.10.10"]
[SourceVersion "1"]
[SourceVersionDate "2023.10.10"]
[SourceQuality "1"]

1. e4 d6 2. d4 Nf6 3. f3 e6 4. c4 c5 5. dxc5 dxc5 6. Qxd8+ Kxd8 7. Nc3 Nc6 8. Be3 Nd4 9. 0-0-0 e5 10. Nd5 Nxd5 11. cxd5 Bd6 12. Bd3 b5 13. Bxd4 cxd4 14. Bxb5 Bb7 15. Kb1 Rb8 16. Bc4 Bc8 17. Ne2 Bd7 18. Nc1 Ke7 19. Nd3 a5 20. Rc1 a4 21. Rc2 f5 22. Re1 fxe4 23. Rxe4 Bf5 24. Nf2 a3 25. b3 h5 26. Bd3 Bxe4 27. Nxe4 Rbc8 28. Bc4 h4 29. h3 Bb4 30. Kc1 Kf7 31. Kd1 Kg6 32. Ke2 Kf5 33. d6 Rhd8 34. d7 d3+ 35. Bxd3 Rxc2+ 36. Bxc2 Kf4 37. Kd3 Rxd7+ 38. Kc4 Rc7+ 39. Kb5 Rxc2 0-1

[Event "Titled Tuesday intern op 12th Sep Late"]
[Site "Chess.com INT"]
[Date "2023.09.12"]
[Round "3"]
[White "Novikova, Galina"]
[Black "Wieczorek, Oskar"]
[Result "0-1"]
[WhiteElo "2073"]
[BlackElo "2494"]
[PlyCount "74"]
[EventDate "2023.09.12"]
[EventType "swiss (blitz)"]
[EventRounds "11"]
[EventCountry "USA"]
[SourceTitle "EXT 2024"]
[Source "ChessBase"]
[SourceDate "2023.10.10"]
[SourceVersion "1"]
[SourceVersionDate "2023.10.10"]
[SourceQuality "1"]

1. e4 c5 2. Nf3 e6 3. b4 cxb4 4. a3 bxa3 5. Nxa3 Nf6 6. e5 Nd5 7. c3 d6 8. Nb5 dxe5 9. Nxe5 Nc6 10. d4 Nxe5 11. dxe5 Bc5 12. Bd3 0-0 13. 0-0 Bd7 14. Nd6 Bc6 15. Qh5 g6 16. Qh6 Bxd6 17. exd6 Qxd6 18. Ba3 Qf4 19. Bxf8 Rxf8 20. Qh3 Qf6 21. Be4 a6 22. c4 Ne7 23. Bxc6 Nxc6 24. Rab1 Rb8 25. Qg3 e5 26. h4 Nd4 27. Rfe1 Nc6 28. h5 Kg7 29. Rb6 Qf5 30. hxg6 hxg6 31. Reb1 Nd4 32. Qe3 Rh8 33. Rxb7 Rh4 34. g3 Nf3+ 35. Kf1 Rh1+ 36. Ke2 Nd4+ 37. Kd2 Qc2# 0-1

[Event "Titled Tuesday intern op 12th Sep Late"]
[Site "Chess.com INT"]
[Date "2023.09.12"]
[Round "7"]
[White "Wieczorek, Oskar"]
[Black "Erzhanov, Arman"]
[Result "1-0"]
[WhiteElo "2494"]
[BlackElo "2175"]
[PlyCount "65"]
[EventDate "2023.09.12"]
[EventType "swiss (blitz)"]
[EventRounds "11"]
[EventCountry "USA"]
[SourceTitle "EXT 2024"]
[Source "ChessBase"]
[SourceDate "2023.10.10"]
[SourceVersion "1"]
[SourceVersionDate "2023.10.10"]
[SourceQuality "1"]

1. e4 d6 2. d4 Nf6 3. f3 d5 4. e5 Nfd7 5. f4 c5 6. c3 Nc6 7. a3 cxd4 8. cxd4 Nb6 9. Nc3 Bf5 10. g4 Be4 11. Nxe4 dxe4 12. Ne2 Qd7 13. Bg2 Qxg4 14. Bxe4 Rd8 15. d5 Nxe5 16. Qb3 Nec4 17. a4 Nd6 18. Bf3 Qd7 19. Be3 g6 20. Bd4 Rg8 21. 0-0 Bg7 22. Bxg7 Rxg7 23. a5 Nbc8 24. Ng3 h5 25. Qc3 Rh7 26. Kh1 h4 27. Ne2 h3 28. Ng3 Rh4 29. Qg7 e6 30. Rae1 Ne7 31. dxe6 fxe6 32. f5 Ndxf5 33. Nxf5 1-0

[Event "Titled Tuesday intern op 12th Sep Late"]
[Site "Chess.com INT"]
[Date "2023.09.12"]
[Round "4"]
[White "Wieczorek, Oskar"]
[Black "Matlakov, Maxim"]
[Result "1/2-1/2"]
[WhiteElo "2494"]
[BlackElo "2674"]
[PlyCount "145"]
[EventDate "2023.09.12"]
[EventType "swiss (blitz)"]
[EventRounds "11"]
[EventCountry "USA"]
[SourceTitle "EXT 2024"]
[Source "ChessBase"]
[SourceDate "2023.10.10"]
[SourceVersion "1"]
[SourceVersionDate "2023.10.10"]
[SourceQuality "1"]

1. e4 e5 2. Nf3 Nc6 3. Nc3 Nf6 4. h3 Bb4 5. Nd5 Be7 6. d3 d6 7. Be2 Nxd5 8. exd5 Nb8 9. 0-0 0-0 10. c4 Nd7 11. d4 e4 12. Nh2 f5 13. f4 Nf6 14. Be3 Kh8 15. g4 c6 16. g5 Ne8 17. dxc6 bxc6 18. Kh1 Nc7 19. Rg1 d5 20. c5 Ne6 21. b4 a5 22. b5 cxb5 23. Bxb5 Qc7 24. Qd2 Bd7 25. Rab1 Rfb8 26. a4 Be8 27. Bxe8 Rxe8 28. Rb5 Bd8 29. Rgb1 Qf7 30. Qe2 Bc7 31. Rb7 Qg6 32. Rf1 h6 33. h4 hxg5 34. hxg5 Rab8 35. Rb5 Kg8 36. Qa2 Rbd8 37. c6 Qf7 38. g6 Qxg6 39. Rxd5 Rxd5 40. Qxd5 Rd8 41. Qc4 Qf7 42. d5 Nf8 43. Rd1 Ng6 44. Qc5 Bxf4 45. Bxf4 Nxf4 46. c7 Rc8 47. d6 Qd7 48. Qe5 Ng6 49. Qd5+ Kf8 50. Rg1 Nf4 51. Qe5 Nd3 52. Qd4 Nf4 53. Rf1 Nh5 54. Qxe4 Nf6 55. Qxf5 Qc6+ 56. Qf3 Qxd6 57. Ng4 Rxc7 58. Nxf6 gxf6 59. Qxf6+ Qxf6 60. Rxf6+ Ke7 61. Ra6 Rc5 62. Kg2 Kd7 63. Kf3 Kc7 64. Ke4 Kb7 65. Kd4 Rh5 66. Rf6 Rh4+ 67. Kc3 Rxa4 68. Kb3 Rb4+ 69. Ka3 Rb6 70. Rxb6+ Kxb6 71. Ka4 Kc7 72. Ka3 a4 73. Kxa4 1/2-1/2

[Event "Titled Tuesday intern op 29th Aug Late"]
[Site "Chess.com INT"]
[Date "2023.08.29"]
[Round "4"]
[White "Nilsen, Tobias Lang"]
[Black "Wieczorek, Oskar"]
[Result "0-1"]
[WhiteElo "2219"]
[BlackElo "2494"]
[PlyCount "102"]
[EventDate "2023.08.29"]
[EventType "swiss (blitz)"]
[EventRounds "11"]
[EventCountry "USA"]
[SourceTitle "EXT 2024"]
[Source "ChessBase"]
[SourceDate "2023.10.10"]
[SourceVersion "1"]
[SourceVersionDate "2023.10.10"]
[SourceQuality "1"]

1. e4 c5 2. Nf3 d6 3. d4 cxd4 4. Nxd4 Nf6 5. Nc3 Nc6 6. Bg5 Bd7 7. Qd2 Rc8 8. 0-0-0 Nxd4 9. Qxd4 Qa5 10. h4 e5 11. Qd2 Rxc3 12. Qxc3 Qxc3 13. bxc3 Nxe4 14. Be3 Be7 15. Bc4 Nxc3 16. Rd3 Na4 17. Bxa7 Bc6 18. f3 0-0 19. Bf2 Ra8 20. Rhd1 b5 21. Bb3 Kf8 22. Be1 Nc5 23. R3d2 Nxb3+ 24. axb3 d5 25. Kb1 d4 26. Re2 Bf6 27. c3 Bd7 28. cxd4 Bf5+ 29. Kb2 exd4 30. Bb4+ Kg8 31. Ree1 Bxh4 32. Re5 Bg6 33. Bc5 Bf6 34. Rd5 d3+ 35. Kc1 Bc3 36. R1xd3 Bxd3 37. Rxd3 b4 38. Re3 h5 39. Re4 Ra1+ 40. Kc2 Ra2+ 41. Kd3 Rxg2 42. Bxb4 Bxb4 43. Rxb4 g5 44. Re4 h4 45. Re2 h3 46. Re1 f5 47. b4 g4 48. fxg4 fxg4 49. Ke3 h2 50. Rh1 g3 51. Kf3 Rg1 0-1

[Event "Titled Tuesday intern op 22nd Aug Late"]
[Site "Chess.com INT"]
[Date "2023.08.22"]
[Round "5"]
[White "Wieczorek, Oskar"]
[Black "Rizzo, Tobias"]
[Result "1-0"]
[WhiteElo "2494"]
[BlackElo "1925"]
[PlyCount "55"]
[EventDate "2023.08.22"]
[EventType "swiss (blitz)"]
[EventRounds "11"]
[EventCountry "USA"]
[SourceTitle "EXT 2024"]
[Source "ChessBase"]
[SourceDate "2023.10.10"]
[SourceVersion "1"]
[SourceVersionDate "2023.10.10"]
[SourceQuality "1"]

1. e4 c5 2. Nf3 e6 3. g3 Nf6 4. e5 Nd5 5. Bg2 Nc6 6. 0-0 Be7 7. Re1 0-0 8. d4 cxd4 9. Nxd4 Nb6 10. Nb5 f6 11. exf6 Bxf6 12. Nd6 Qe7 13. Be3 Bxb2 14. Nxc8 Raxc8 15. Nd2 Bxa1 16. Qxa1 d5 17. Bxb6 axb6 18. Bxd5 Nd8 19. Bb3 Rc6 20. Ne4 Kh8 21. h4 b5 22. Qd1 Nf7 23. Qh5 Nd6 24. Ng5 g6 25. Qe2 Nf5 26. Qxb5 e5 27. Rxe5 Qd6 28. Qxb7 1-0

[Event "Titled Tuesday intern op 22nd Aug Late"]
[Site "Chess.com INT"]
[Date "2023.08.22"]
[Round "3"]
[White "Wieczorek, Oskar"]
[Black "So, Wesley"]
[Result "0-1"]
[WhiteElo "2494"]
[BlackElo "2769"]
[PlyCount "128"]
[EventDate "2023.08.22"]
[EventType "swiss (blitz)"]
[EventRounds "11"]
[EventCountry "USA"]
[SourceTitle "EXT 2024"]
[Source "ChessBase"]
[SourceDate "2023.10.10"]
[SourceVersion "1"]
[SourceVersionDate "2023.10.10"]
[SourceQuality "1"]

1. e4 c5 2. Nf3 d6 3. d4 cxd4 4. Nxd4 Nf6 5. Nc3 a6 6. h4 b5 7. a4 b4 8. Nd5 e6 9. Nxf6+ Qxf6 10. g4 Bb7 11. Bg2 Nd7 12. Be3 Nc5 13. Bg5 Qg6 14. f3 h5 15. gxh5 Rxh5 16. Qd2 Be7 17. 0-0-0 Rxg5 18. hxg5 Bxg5 19. f4 Bh6 20. Kb1 0-0-0 21. f5 exf5 22. Rxh6 Qxh6 23. Qxb4 Qh2 24. Nxf5 Kb8 25. Bh1 Qe5 26. Nd4 Ka7 27. Qa5 Rd7 28. Nb5+ Kb8 29. Nc3 Nd3 30. Qb6 Qc5 31. Qxc5 Nxc5 32. e5 Bxh1 33. Rxh1 dxe5 34. Rh8+ Kb7 35. Rg8 f5 36. b4 Ne6 37. b5 axb5 38. axb5 e4 39. Na4 Rd4 40. Re8 Rxa4 41. Rxe6 Rb4+ 42. Kc1 Rxb5 43. Re7+ Kc6 44. Rxg7 Kd5 45. Kd2 f4 46. Rg5+ Kc4 47. Rg4 Rf5 48. Rh4 Rf7 49. Rg4 Kd4 50. Rg8 e3+ 51. Ke1 f3 52. Re8 Rf4 53. Rd8+ Ke4 54. Re8+ Kd4 55. Rd8+ Kc4 56. Re8 f2+ 57. Kf1 Rf3 58. Re4+ Kc3 59. Re8 Kxc2 60. Re7 Rg3 61. Ke2 Rg1 62. Rc7+ Kb3 63. Rf7 Re1+ 64. Kd3 f1Q+ 0-1

[Event "Titled Tuesday intern op 08th Aug Late"]
[Site "Chess.com INT"]
[Date "2023.08.08"]
[Round "5"]
[White "Wieczorek, Oskar"]
[Black "Donchenko, Alexander"]
[Result "0-1"]
[WhiteElo "2494"]
[BlackElo "2684"]
[PlyCount "66"]
[EventDate "2023.08.08"]
[EventType "swiss (blitz)"]
[EventRounds "11"]
[EventCountry "USA"]
[SourceTitle "EXT 2024"]
[Source "ChessBase"]
[SourceDate "2023.10.10"]
[SourceVersion "1"]
[SourceVersionDate "2023.10.10"]
[SourceQuality "1"]

1. e4 c6 2. d4 d5 3. Nd2 dxe4 4. Nxe4 Bf5 5. Ng3 Bg6 6. c3 Nf6 7. Nh3 Nbd7 8. Bc4 e6 9. Nf4 Bd6 10. h4 Bxf4 11. Bxf4 h6 12. Be2 Qb6 13. Qb3 0-0 14. h5 Bh7 15. 0-0 Rfe8 16. Rfe1 e5 17. Be3 Nd5 18. Bc4 Qxb3 19. axb3 Nxe3 20. fxe3 Nb6 21. Ra5 exd4 22. cxd4 Re7 23. Kf2 a6 24. Be2 Nd5 25. Bc4 Nf6 26. Nf5 Rd7 27. Bd3 Re8 28. Kf3 Bxf5 29. Rxf5 Rxd4 30. Bc4 Rd2 31. e4 b5 32. Re2 Rxe2 33. Bxe2 Nxe4 0-1

[Event "Titled Tuesday intern op 01st Aug Late"]
[Site "Chess.com INT"]
[Date "2023.08.01"]
[Round "3"]
[White "Wieczorek, Oskar"]
[Black "Kula, Robert"]
[Result "0-1"]
[WhiteElo "2494"]
[BlackElo "2284"]
[PlyCount "94"]
[EventDate "2023.08.01"]
[EventType "swiss (blitz)"]
[EventRounds "11"]
[EventCountry "USA"]
[SourceTitle "EXT 2024"]
[Source "ChessBase"]
[SourceDate "2023.10.10"]
[SourceVersion "1"]
[SourceVersionDate "2023.10.10"]
[SourceQuality "1"]

1. e4 c5 2. Nf3 Nc6 3. b4 cxb4 4. d4 d6 5. d5 Nb8 6. Qd4 Nf6 7. Qxb4 g6 8. Bb2 Bg7 9. Nbd2 0-0 10. Bd3 b6 11. 0-0 Na6 12. Qa3 Nc5 13. Rfe1 Qc7 14. Nb3 Bb7 15. Nxc5 Qxc5 16. Qxc5 bxc5 17. Rab1 Rab8 18. Nd2 Bc8 19. c4 Bd7 20. e5 Ng4 21. f4 dxe5 22. fxe5 Rxb2 23. Rxb2 Bxe5 24. Rb7 Bd4+ 25. Kf1 Nxh2+ 26. Ke2 Bg4+ 27. Nf3 Re8 28. Rh1 Nxf3 29. gxf3 Bh5 30. Rxa7 Be5 31. Rb1 e6 32. d6 Bxd6 33. Rbb7 g5 34. a4 g4 35. fxg4 Bxg4+ 36. Kd2 Bf4+ 37. Kc2 Bh5 38. a5 Rd8 39. Rd7 Rb8 40. a6 Be5 41. Rab7 Ra8 42. a7 Kg7 43. Be4 Bg6 44. Rbc7 Bxe4+ 45. Kb3 Bxc7 46. Rxc7 h5 47. Ka4 h4 0-1

[Event "Titled Tuesday intern op 01st Aug Early"]
[Site "Chess.com INT"]
[Date "2023.08.01"]
[Round "4"]
[White "Wieczorek, Oskar"]
[Black "Pichot, Alan"]
[Result "1-0"]
[WhiteElo "2494"]
[BlackElo "2642"]
[PlyCount "81"]
[EventDate "2023.08.01"]
[EventType "swiss (blitz)"]
[EventRounds "11"]
[EventCountry "USA"]
[SourceTitle "EXT 2024"]
[Source "ChessBase"]
[SourceDate "2023.10.10"]
[SourceVersion "1"]
[SourceVersionDate "2023.10.10"]
[SourceQuality "1"]

1. e4 c5 2. Nf3 e6 3. g3 Nc6 4. Bg2 Nf6 5. Nc3 e5 6. 0-0 d6 7. d3 Be7 8. Nd2 0-0 9. Nc4 Rb8 10. a4 a6 11. Nd5 Nxd5 12. exd5 Nd4 13. c3 Nf5 14. a5 g6 15. f4 exf4 16. Bxf4 Ng7 17. Qd2 g5 18. Be3 f5 19. Rae1 Bd7 20. d4 cxd4 21. Bxd4 Rf7 22. Nb6 Bf6 23. c4 h6 24. b4 Be8 25. c5 Bb5 26. Rf2 Bxd4 27. Qxd4 Qf6 28. Qxf6 Rxf6 29. c6 Rf7 30. Rc1 Rc7 31. Rfc2 Kh7 32. Nd7 Rd8 33. Bf1 Ba4 34. Rc3 bxc6 35. dxc6 Ne6 36. Nb6 Bb5 37. Bxb5 axb5 38. Nd5 Rcc8 39. c7 Rf8 40. Nb6 Nd4 41. Kf2 1-0

[Event "Titled Tuesday intern op 01st Aug Early"]
[Site "Chess.com INT"]
[Date "2023.08.01"]
[Round "1"]
[White "Wieczorek, Oskar"]
[Black "Slavin, Alexei"]
[Result "1/2-1/2"]
[WhiteElo "2494"]
[BlackElo "2364"]
[PlyCount "134"]
[EventDate "2023.08.01"]
[EventType "swiss (blitz)"]
[EventRounds "11"]
[EventCountry "USA"]
[SourceTitle "EXT 2024"]
[Source "ChessBase"]
[SourceDate "2023.10.10"]
[SourceVersion "1"]
[SourceVersionDate "2023.10.10"]
[SourceQuality "1"]

1. e4 Nc6 2. Nf3 d6 3. Nc3 Nf6 4. h3 e5 5. d4 Be7 6. d5 Nb8 7. Be3 Nbd7 8. a4 Nf8 9. a5 a6 10. Bc4 Ng6 11. Qd2 0-0 12. 0-0 Nh5 13. Ne2 h6 14. g4 Nf6 15. Ng3 Nh7 16. Nf5 Bf6 17. Kg2 Ng5 18. Nxg5 Bxg5 19. Ra3 Nf4+ 20. Bxf4 Bxf4 21. Qe2 g6 22. Ng3 Qh4 23. Rh1 Kh7 24. Bd3 Bd7 25. Rb3 Rab8 26. c4 Rh8 27. Bb1 Kg7 28. Rc3 b6 29. axb6 cxb6 30. b4 Rbc8 31. Qa2 Ra8 32. c5 bxc5 33. bxc5 dxc5 34. Rxc5 h5 35. gxh5 Qg5 36. Rc7 Rad8 37. Qe2 gxh5 38. h4 Qg6 39. Rg1 Bg4 40. Qd3 Rc8 41. d6 Rhd8 42. Rxc8 Rxc8 43. Kh2 Rd8 44. Kh1 Qf6 45. Nf5+ Kh7 46. Rxg4 hxg4 47. Ba2 Kg6 48. Kg2 Rh8 49. d7 Rd8 50. Qd5 Qe6 51. Qxe6+ fxe6 52. Bxe6 Kf6 53. Bc4 Rxd7 54. Bxa6 Rd2 55. Kf1 Ra2 56. Be2 Ra4 57. Nd6 Ke6 58. Nb7 Rxe4 59. Nc5+ Kd5 60. Nxe4 Kxe4 61. Bxg4 Bh6 62. f3+ Kf4 63. Ke2 e4 64. fxe4 Kxg4 65. e5 Kxh4 66. e6 Bg5 67. e7 Bxe7 1/2-1/2

[Event "Titled Tuesday intern op 25th Jul Late"]
[Site "Chess.com INT"]
[Date "2023.07.25"]
[Round "2"]
[White "Glashausser, Sho"]
[Black "Wieczorek, Oskar"]
[Result "0-1"]
[WhiteElo "1924"]
[BlackElo "2494"]
[PlyCount "44"]
[EventDate "2023.07.25"]
[EventType "swiss (blitz)"]
[EventRounds "11"]
[EventCountry "USA"]
[SourceTitle "EXT 2024"]
[Source "ChessBase"]
[SourceDate "2023.10.10"]
[SourceVersion "1"]
[SourceVersionDate "2023.10.10"]
[SourceQuality "1"]

1. d4 Nf6 2. Nc3 c5 3. d5 g6 4. e4 d6 5. h3 Bg7 6. Nf3 0-0 7. a4 e6 8. Be2 exd5 9. exd5 Na6 10. Bf4 Nb4 11. 0-0 a6 12. Qd2 Bf5 13. Rac1 Re8 14. Bc4 Ne4 15. Nxe4 Rxe4 16. b3 Na2 17. Bd3 Bc3 18. Bxe4 Bxd2 19. Nxd2 Nxc1 20. Rxc1 Qf6 21. Bg3 Re8 22. Re1 Qc3 0-1

[Event "Titled Tuesday intern op 25th Jul Late"]
[Site "Chess.com INT"]
[Date "2023.07.25"]
[Round "3"]
[White "Ibarra Jerez, Jose Carlos"]
[Black "Wieczorek, Oskar"]
[Result "0-1"]
[WhiteElo "2563"]
[BlackElo "2494"]
[PlyCount "56"]
[EventDate "2023.07.25"]
[EventType "swiss (blitz)"]
[EventRounds "11"]
[EventCountry "USA"]
[SourceTitle "EXT 2024"]
[Source "ChessBase"]
[SourceDate "2023.10.10"]
[SourceVersion "1"]
[SourceVersionDate "2023.10.10"]
[SourceQuality "1"]

1. e4 c5 2. Nf3 e6 3. d4 cxd4 4. Nxd4 Nf6 5. Nc3 d6 6. Be3 a6 7. f3 h5 8. Bc4 Nc6 9. Bb3 Bd7 10. 0-0 Be7 11. Nxc6 Bxc6 12. a4 Qc7 13. a5 Nd7 14. Na4 Rc8 15. Nb6 Nxb6 16. axb6 Qd7 17. Qd2 Bb5 18. Rfd1 Bc4 19. Ba4 Bb5 20. b3 Bf6 21. Bd4 Bxd4+ 22. Qxd4 e5 23. Qb4 Bxa4 24. Rxa4 Rxc2 25. Rxd6 Qe7 26. Rxa6 0-0 27. Ra1 Qg5 28. g3 Qe3+ 0-1